Estudio de Opinión Pública Unimer RI - La Nación mayo - junio 2000: efectuada entre el 22 y el 31 de mayo /

Uloženo v:
Podrobná bibliografie
Hlavní autor: Paniagua, Carlos G.
Korporativní autor: Unimer Research International
Další autoři: García S, Cathalina
Médium: Text
Vydáno: San José: Unimer
Témata:
Tagy: Přidat tag
Žádné tagy, Buďte první, kdo vytvoří štítek k tomuto záznamu!

MARC

LEADER 00000 a a2200000 04500
001 27711
003
040
090 |a 185910  |b ENCUESTA  
100 |a Paniagua, Carlos G.  
110 |a Unimer Research International  
245 |a Estudio de Opinión Pública Unimer RI - La Nación mayo - junio 2000: efectuada entre el 22 y el 31 de mayo /  |c Carlos G. Paniagua  
260 |a San José:   |b Unimer  
300 |a 85 p. y s.p; 2 vol.   |b **no definido**   |b fonodiscos  
650 |a OPINION PUBLICA  
650 |a PARTIDOS POLITICOS  
650 |a DEMOCRACIA  
650 |a ELECCIONES  
650 |a VOTACIONES  
650 |a AFILIACION POLITICA  
650 |a GOBIENO LOCAL  
650 |a DESARROLLO POLITICO  
650 |a PARTICIPACION POLITICA  
650 |a PRESIDENTES  
650 |a POLITICOS  
650 |a VOTACIONES  
650 |a OPINION PUBLICA  
650 |a DEMOCRACIA  
650 |a PARTIDOS POLITICOS  
700 |a García S, Cathalina  
999 |c 5379  |d 5379